Macroeconomic policy and economic performance

Enregistré dans:
Détails bibliographiques
Auteur principal: Lima, Pedro de
Autres auteurs: DeSerres, Alain, Kennedy, Mike
Format: Livre
Langue:anglais
Publié: Paris OECD 2003
Collection:Economics department working papers No. 353
Sujets:
Tags: Ajouter un tag
Pas de tags, Soyez le premier à ajouter un tag!

MARC

LEADER 00000nam a2200000 4500
001 0024791
005 20240223110231.5
041 0 |a eng 
044 |a FR 
245 1 0 |a Macroeconomic policy and economic performance  |c by Pedro de Lima, Alain de Serres and Mike Kennedy 
264 1 |a Paris  |b OECD  |c 2003 
300 |a 65 s. 
490 1 |a Economics department working papers  |v No. 353 
830 0 |a Economics department working papers  |v No. 353 
610 2 0 |a politika menová 
610 2 0 |a politika fiškálna 
610 2 0 |a inflácia 
610 2 0 |a stabilita meny 
100 1 |a Lima, Pedro de 
700 1 |a DeSerres, Alain 
700 1 |a Kennedy, Mike